[Event "South Island Championships 2023"]
[Site "Oamaru, New Zealand"]
[Date "2023.09.27"]
[Round "1.10"]
[White "Zhang, Kendrick Botong"]
[Black "Bell, Daniel"]
[Result "1/2-1/2"]
[TimeControl "90 + 30"]
[WhiteFideId "4307704"]
[BlackFideId "4319427"]
[WhiteElo "2067"]
[BlackElo "1565"]

1. e4 {[%clk 01:30:56]} {[%emt 00:00:03]} c6 {[%clk 01:30:53]} {[%emt
00:00:09]} 2. d4 {[%clk 01:31:22]} {[%emt 00:00:03]} d5 {[%clk 01:31:18]}
{[%emt 00:00:06]} 3. e5 {[%clk 01:31:45]} {[%emt 00:00:06]} Bf5 {[%clk
01:31:18]} {[%emt 00:00:31]} 4. Nd2 {[%clk 01:32:01]} {[%emt 00:00:14]} e6
{[%clk 01:31:33]} {[%emt 00:00:15]} 5. Nb3 {[%clk 01:32:25]} {[%emt 00:00:05]}
Nd7 {[%clk 01:31:28]} {[%emt 00:00:35]} 6. Nf3 {[%clk 01:32:26]} {[%emt
00:00:28]} Qc7 {[%clk 01:30:24]} {[%emt 00:01:35]} 7. Be2 {[%clk 01:17:12]}
{[%emt 00:15:43]} c5 {[%clk 01:29:50]} {[%emt 00:01:05]} 8. Nxc5 {[%clk
01:13:25]} {[%emt 00:04:17]} Bxc5 {[%clk 01:26:48]} {[%emt 00:03:32]} 9. dxc5
{[%clk 01:13:45]} {[%emt 00:00:10]} Nxc5 {[%clk 01:23:23]} {[%emt 00:03:55]} 10.
Be3 {[%clk 01:07:41]} {[%emt 00:06:34]} Ne7 {[%clk 01:22:52]} {[%emt 00:01:02]}
11. Nd4 {[%clk 00:43:47]} {[%emt 00:24:24]} a6 {[%clk 01:15:30]} {[%emt
00:07:52]} 12. O-O {[%clk 00:37:53]} {[%emt 00:06:24]} O-O {[%clk 01:13:36]}
{[%emt 00:02:23]} 13. c3 {[%clk 00:36:42]} {[%emt 00:01:41]} Rac8 {[%clk
01:10:01]} {[%emt 00:04:06]} 14. f4 {[%clk 00:36:23]} {[%emt 00:00:48]} h6
{[%clk 01:10:00]} {[%emt 00:00:31]} 15. g4 {[%clk 00:30:27]} {[%emt 00:06:26]}
Be4 {[%clk 01:07:34]} {[%emt 00:02:56]} 16. Rc1 {[%clk 00:27:50]} {[%emt
00:03:07]} b5 {[%clk 01:05:56]} {[%emt 00:02:08]} 17. Nb3 {[%clk 00:27:34]}
{[%emt 00:00:46]} Nd7 {[%clk 01:02:30]} {[%emt 00:03:56]} 18. a4 {[%clk
00:24:24]} {[%emt 00:03:40]} bxa4 {[%clk 00:58:39]} {[%emt 00:04:21]} 19. Nd2
{[%clk 00:23:50]} {[%emt 00:01:04]} Nc5 {[%clk 00:56:33]} {[%emt 00:02:36]} 20.
Nxe4 {[%clk 00:16:14]} {[%emt 00:08:07]} dxe4 {[%clk 00:55:47]} {[%emt
00:01:15]} 21. c4 {[%clk 00:10:23]} {[%emt 00:06:21]} Rfd8 {[%clk 00:55:52]}
{[%emt 00:00:26]} 22. Qc2 {[%clk 00:09:55]} {[%emt 00:00:58]} Nb3 {[%clk
00:53:44]} {[%emt 00:02:38]} 23. Rcd1 {[%clk 00:09:35]} {[%emt 00:00:49]} Nd5
{[%clk 00:53:41]} {[%emt 00:00:33]} 24. Qxe4 {[%clk 00:07:22]} {[%emt
00:02:42]} Nxe3 {[%clk 00:53:20]} {[%emt 00:00:53]} 25. Qxe3 {[%clk 00:07:33]}
{[%emt 00:00:18]} Qc5 {[%clk 00:53:26]} {[%emt 00:00:25]} 26. Qxc5 {[%clk
00:06:55]} {[%emt 00:01:08]} Nxc5 {[%clk 00:53:46]} {[%emt 00:00:10]} 27. Kf2
{[%clk 00:01:02]} {[%emt 00:06:22]} Rb8 {[%clk 00:52:37]} {[%emt 00:01:39]} 28.
Rxd8+ {[%clk 00:00:59]} {[%emt 00:00:33]} Rxd8 {[%clk 00:53:00]} {[%emt
00:00:07]} 29. Ke3 {[%clk 00:01:25]} {[%emt 00:00:04]} Rb8 {[%clk 00:52:46]}
{[%emt 00:00:44]} 30. Rb1 {[%clk 00:01:29]} {[%emt 00:00:26]} Rb3+ {[%clk
00:52:55]} {[%emt 00:00:21]} 31. Kd4 {[%clk 00:01:48]} {[%emt 00:00:12]} Nd7
{[%clk 00:52:21]} {[%emt 00:01:03]} 32. Bd1 {[%clk 00:01:26]} {[%emt 00:00:52]}
Rb4 {[%clk 00:50:56]} {[%emt 00:01:55]} 33. Kc3 {[%clk 00:01:49]} {[%emt
00:00:07]} a5 {[%clk 00:51:01]} {[%emt 00:00:26]} 34. Bc2 {[%clk 00:01:19]}
{[%emt 00:00:59]} Nb6 {[%clk 00:50:26]} {[%emt 00:01:05]} 35. Bd3 {[%clk
00:01:07]} {[%emt 00:00:42]} Nd7 {[%clk 00:46:14]} {[%emt 00:04:43]} 36. Kd4
{[%clk 00:00:44]} {[%emt 00:00:53]} Kf8 {[%clk 00:45:15]} {[%emt 00:01:29]} 37.
Bc2 {[%clk 00:00:32]} {[%emt 00:00:42]} Nb6 {[%clk 00:45:24]} {[%emt 00:00:21]}
38. Bd3 {[%clk 00:00:36]} {[%emt 00:00:26]} Nd5 {[%clk 00:43:16]} {[%emt
00:02:37]} 39. f5 {[%clk 00:00:45]} {[%emt 00:00:21]} Ke7 {[%clk 00:42:09]}
{[%emt 00:01:38]} 40. fxe6 {[%clk 00:00:43]} {[%emt 00:00:32]} fxe6 {[%clk
00:42:10]} {[%emt 00:00:28]} 41. Bc2 {[%clk 00:00:33]} {[%emt 00:00:41]} Nb6
{[%clk 00:42:11]} {[%emt 00:00:28]} 42. Bd3 {[%clk 00:00:34]} {[%emt 00:00:29]}
Nd7 {[%clk 00:41:47]} {[%emt 00:00:54]} 43. Bc2 {[%clk 00:00:32]} {[%emt
00:00:32]} Nb6 {[%clk 00:42:08]} {[%emt 00:00:09]} 44. Bd3 {[%clk 00:00:42]}
{[%emt 00:00:20]} Nd7 {[%clk 00:42:30]} {[%emt 00:00:09]} 45. Be2 {[%clk
00:00:44]} {[%emt 00:00:27]} Nb6 {[%clk 00:40:45]} {[%emt 00:02:15]} 46. Bf1
{[%clk 00:00:32]} {[%emt 00:00:42]} a3 {[%clk 00:34:41]} {[%emt 00:11:14]} 47.
b3 {[%clk 00:00:32]} a2 {[%clk 00:33:26]} 48. Ra1 {[%clk 00:00:56]} Rxb3 {[%clk
00:33:37]} 49. Rxa2 {[%clk 00:01:08]} a4 {[%clk 00:32:31]} 50. Bd3 {[%clk
00:00:37]} {[%emt 00:00:55]} a3 {[%clk 00:31:01]} {[%emt 00:02:01]} 51. Be4
{[%clk 00:00:35]} {[%emt 00:00:31]} Nd7 {[%clk 00:30:22]} {[%emt 00:01:08]} 52.
Bc6 {[%clk 00:00:39]} {[%emt 00:00:27]} Nb6 {[%clk 00:29:03]} {[%emt 00:01:50]}
53. Bb5 {[%clk 00:00:34]} {[%emt 00:00:34]} Nd7 {[%clk 00:27:46]} {[%emt
00:01:47]} 54. Ba4 {[%clk 00:00:37]} {[%emt 00:00:27]} Rh3 {[%clk 00:27:57]}
{[%emt 00:00:19]} 55. Bb5 {[%clk 00:00:31]} {[%emt 00:00:37]} Rb3 {[%clk
00:26:15]} {[%emt 00:02:11]} 56. Bc6 {[%clk 00:00:41]} {[%emt 00:00:21]} Nb8
{[%clk 00:25:32]} {[%emt 00:01:13]} 57. Ba4 {[%clk 00:00:46]} {[%emt 00:00:25]}
Rf3 {[%clk 00:25:37]} {[%emt 00:00:24]} 58. Bd1 {[%clk 00:00:46]} {[%emt
00:00:31]} Rf4+ {[%clk 00:24:45]} {[%emt 00:01:21]} 59. Kc3 {[%clk 00:00:37]}
{[%emt 00:00:39]} Nc6 {[%clk 00:24:43]} {[%emt 00:00:33]} 60. Rxa3 {[%clk
00:00:53]} {[%emt 00:00:14]} Nxe5 {[%clk 00:24:52]} {[%emt 00:00:20]} 61. Be2
{[%clk 00:00:39]} {[%emt 00:00:44]} 1/2-1/2

[Event "South Island Championships 2023"]
[Site "Oamaru, New Zealand"]
[Date "2023.09.27"]
[Round "1.2"]
[White "McNabb, Matthew D"]
[Black "Ashe, Michael"]
[Result "1-0"]
[TimeControl "90 + 30"]
[WhiteFideId "4300823"]
[BlackFideId "4310462"]
[WhiteElo "2236"]
[BlackElo "1707"]

1. d4 {[%clk 01:30:57]} {[%emt 00:00:02]} Nf6 {[%clk 01:30:47]} {[%emt
00:00:13]} 2. c4 {[%clk 01:31:24]} {[%emt 00:00:03]} e6 {[%clk 01:31:08]}
{[%emt 00:00:09]} 3. Nc3 {[%clk 01:31:49]} {[%emt 00:00:05]} Bb4 {[%clk
01:31:30]} {[%emt 00:00:07]} 4. a3 {[%clk 01:32:14]} {[%emt 00:00:07]} Bxc3+
{[%clk 01:31:52]} {[%emt 00:00:07]} 5. bxc3 {[%clk 01:32:42]} {[%emt 00:00:02]}
O-O {[%clk 01:31:25]} {[%emt 00:00:57]} 6. f3 {[%clk 01:32:59]} {[%emt
00:00:13]} b6 {[%clk 01:29:40]} {[%emt 00:02:15]} 7. e4 {[%clk 01:32:32]}
{[%emt 00:00:56]} Ba6 {[%clk 01:26:42]} {[%emt 00:03:29]} 8. Bg5 {[%clk
01:22:13]} {[%emt 00:10:49]} d6 {[%clk 01:23:15]} {[%emt 00:03:56]} 9. Bd3
{[%clk 01:21:28]} {[%emt 00:01:15]} e5 {[%clk 01:21:47]} {[%emt 00:01:58]} 10.
Ne2 {[%clk 01:21:25]} {[%emt 00:00:34]} Nbd7 {[%clk 01:20:11]} {[%emt
00:02:05]} 11. Qa4 {[%clk 01:04:16]} {[%emt 00:17:40]} Bb7 {[%clk 01:10:41]}
{[%emt 00:09:58]} 12. Rd1 {[%clk 00:59:49]} {[%emt 00:04:59]} a5 {[%clk
01:05:34]} {[%emt 00:05:37]} 13. Ng3 {[%clk 00:57:10]} {[%emt 00:03:09]} h6
{[%clk 01:05:15]} {[%emt 00:00:48]} 14. Bc1 {[%clk 00:54:37]} {[%emt 00:03:04]}
Re8 {[%clk 01:03:03]} {[%emt 00:02:41]} 15. O-O {[%clk 00:54:16]} {[%emt
00:00:52]} Nf8 {[%clk 01:02:32]} {[%emt 00:01:00]} 16. c5 {[%clk 00:44:25]}
{[%emt 00:10:22]} Ba6 {[%clk 00:57:50]} {[%emt 00:05:11]} 17. Bxa6 {[%clk
00:37:49]} {[%emt 00:07:07]} Rxa6 {[%clk 00:58:06]} {[%emt 00:00:14]} 18. cxd6
{[%clk 00:36:14]} {[%emt 00:02:04]} Qxd6 {[%clk 00:51:55]} {[%emt 00:06:42]} 19.
Nf5 {[%clk 00:32:20]} {[%emt 00:04:24]} Qd7 {[%clk 00:50:10]} {[%emt 00:02:14]}
20. Qc2 {[%clk 00:29:10]} {[%emt 00:03:41]} Qc8 {[%clk 00:45:52]} {[%emt
00:04:46]} 21. dxe5 {[%clk 00:20:25]} {[%emt 00:09:17]} Rxe5 {[%clk 00:45:55]}
{[%emt 00:00:26]} 22. c4 {[%clk 00:20:16]} {[%emt 00:00:40]} Ng6 {[%clk
00:44:18]} {[%emt 00:02:07]} 23. Bb2 {[%clk 00:20:28]} {[%emt 00:00:18]} Re6
{[%clk 00:42:14]} {[%emt 00:02:33]} 24. Rd2 {[%clk 00:17:14]} {[%emt 00:03:44]}
Ra8 {[%clk 00:35:48]} {[%emt 00:06:56]} 25. Rfd1 {[%clk 00:17:12]} {[%emt
00:00:32]} Qe8 {[%clk 00:32:21]} {[%emt 00:03:57]} 26. Bc3 {[%clk 00:14:19]}
{[%emt 00:03:24]} Ne5 {[%clk 00:22:30]} {[%emt 00:10:21]} 27. Bxe5 {[%clk
00:09:47]} {[%emt 00:05:02]} Rxe5 {[%clk 00:22:20]} {[%emt 00:00:39]} 28. Qc3
{[%clk 00:09:40]} {[%emt 00:00:38]} Rc5 {[%clk 00:16:42]} {[%emt 00:06:07]} 29.
Nxh6+ {[%clk 00:09:16]} {[%emt 00:00:54]} Kh7 {[%clk 00:11:13]} {[%emt
00:12:58]} 30. Nf5 {[%clk 00:09:24]} Qe6 {[%clk 00:10:46]} 31. Rd4 {[%clk
00:05:08]} g6 {[%clk 00:07:44]} {[%emt 00:02:39]} 32. Ne3 {[%clk 00:05:27]}
{[%emt 00:00:11]} c6 {[%clk 00:06:24]} {[%emt 00:01:50]} 33. Rd6 {[%clk
00:04:41]} {[%emt 00:01:16]} 1-0

[Event "South Island Championships 2023"]
[Site "Oamaru, New Zealand"]
[Date "2023.09.27"]
[Round "1.6"]
[White "Liu, William Rui"]
[Black "Wilson, Dion A"]
[Result "1-0"]
[TimeControl "90 + 30"]
[WhiteFideId "4313593"]
[BlackFideId "4321413"]
[WhiteElo "2094"]
[BlackElo "1611"]

1. e4 {[%clk 01:30:56]} {[%emt 00:00:02]} d5 {[%clk 01:30:48]} {[%emt
00:00:13]} 2. exd5 {[%clk 01:31:12]} {[%emt 00:00:15]} Qxd5 {[%clk 01:30:57]}
{[%emt 00:00:19]} 3. Nc3 {[%clk 01:31:34]} {[%emt 00:00:09]} Qd8 {[%clk
01:31:06]} {[%emt 00:00:21]} 4. d4 {[%clk 01:31:44]} {[%emt 00:00:21]} Nf6
{[%clk 01:31:08]} {[%emt 00:00:27]} 5. Bc4 {[%clk 01:31:47]} {[%emt 00:00:28]}
c6 {[%clk 01:30:32]} {[%emt 00:01:06]} 6. Nf3 {[%clk 01:31:49]} {[%emt
00:00:27]} Bf5 {[%clk 01:29:29]} {[%emt 00:01:33]} 7. Ne5 {[%clk 01:31:04]}
{[%emt 00:01:15]} e6 {[%clk 01:28:28]} {[%emt 00:01:31]} 8. g4 {[%clk
01:30:43]} {[%emt 00:00:51]} Be4 {[%clk 01:23:39]} {[%emt 00:05:18]} 9. Nxe4
{[%clk 01:29:20]} {[%emt 00:01:54]} Nxe4 {[%clk 01:23:46]} {[%emt 00:00:22]} 10.
Be3 {[%clk 01:27:12]} {[%emt 00:02:39]} Bb4+ {[%clk 01:21:13]} {[%emt
00:03:03]} 11. c3 {[%clk 01:27:02]} {[%emt 00:00:41]} Nxc3 {[%clk 01:20:19]}
{[%emt 00:01:23]} 12. bxc3 {[%clk 01:27:17]} {[%emt 00:00:16]} Bxc3+ {[%clk
01:20:03]} {[%emt 00:00:45]} 13. Ke2 {[%clk 01:26:43]} {[%emt 00:01:04]} Bxa1
{[%clk 01:19:52]} {[%emt 00:00:41]} 14. Qxa1 {[%clk 01:26:59]} {[%emt
00:00:15]} Nd7 {[%clk 01:17:36]} {[%emt 00:02:45]} 15. Rd1 {[%clk 01:25:02]}
{[%emt 00:02:26]} Nb6 {[%clk 01:15:21]} {[%emt 00:02:46]} 16. Bb3 {[%clk
01:22:49]} {[%emt 00:02:43]} Nd5 {[%clk 01:13:43]} {[%emt 00:02:08]} 17. Bxd5
{[%clk 01:20:02]} {[%emt 00:03:17]} cxd5 {[%clk 01:12:14]} {[%emt 00:01:58]} 18.
Qb2 {[%clk 01:19:22]} {[%emt 00:01:11]} Qb6 {[%clk 01:09:23]} {[%emt 00:03:21]}
19. Qa3 {[%clk 01:19:25]} {[%emt 00:00:27]} f6 {[%clk 01:06:40]} {[%emt
00:03:13]} 20. Qa4+ {[%clk 01:18:44]} {[%emt 00:01:10]} Kd8 {[%clk 01:01:21]}
{[%emt 00:05:49]} 21. Qd7# {[%clk 01:19:06]} {[%emt 00:00:09]} 1-0

[Event "South Island Championships 2023"]
[Site "Oamaru, New Zealand"]
[Date "2023.09.27"]
[Round "1.5"]
[White "Tao, Junqing Jerome"]
[Black "Cummings, Nick"]
[Result "0-1"]
[TimeControl "90 + 30"]
[WhiteFideId "4313895"]
[BlackFideId "4301218"]
[WhiteElo "1634"]
[BlackElo "2094"]

1. e4 {[%clk 01:30:59]} c6 {[%clk 01:30:56]} {[%emt 00:00:04]} 2. d4 {[%clk
01:31:23]} {[%emt 00:00:06]} d5 {[%clk 01:31:14]} {[%emt 00:00:12]} 3. Nd2
{[%clk 01:31:42]} {[%emt 00:00:11]} dxe4 {[%clk 01:31:37]} {[%emt 00:00:08]} 4.
Nxe4 {[%clk 01:32:07]} {[%emt 00:00:04]} Nf6 {[%clk 01:32:00]} {[%emt
00:00:07]} 5. Nxf6+ {[%clk 01:32:26]} {[%emt 00:00:11]} exf6 {[%clk 01:32:29]}
{[%emt 00:00:01]} 6. Nf3 {[%clk 01:32:45]} {[%emt 00:00:12]} Bd6 {[%clk
01:32:41]} {[%emt 00:00:16]} 7. Bd3 {[%clk 01:32:59]} {[%emt 00:00:17]} O-O
{[%clk 01:32:53]} {[%emt 00:00:18]} 8. O-O {[%clk 01:33:26]} {[%emt 00:00:03]}
Re8 {[%clk 01:32:49]} {[%emt 00:00:34]} 9. h3 {[%clk 01:33:18]} {[%emt
00:00:39]} Be6 {[%clk 01:29:02]} {[%emt 00:04:16]} 10. c3 {[%clk 01:33:29]}
{[%emt 00:00:20]} Nd7 {[%clk 01:29:23]} {[%emt 00:00:09]} 11. Qc2 {[%clk
01:33:54]} {[%emt 00:00:04]} Nf8 {[%clk 01:29:39]} {[%emt 00:00:14]} 12. Be3
{[%emt 00:01:15]} Qd7 {[%clk 01:29:26]} {[%emt 00:00:40]} 13. Qd2 {[%clk
01:32:09]} {[%emt 00:01:33]} Bxh3 {[%clk 01:21:26]} {[%emt 00:08:30]} 14. gxh3
{[%clk 01:31:07]} {[%emt 00:01:31]} Qxh3 {[%clk 01:21:32]} {[%emt 00:00:24]} 15.
Bf4 {[%clk 01:30:36]} {[%emt 00:01:02]} Qg4+ {[%clk 01:13:10]} {[%emt
00:08:52]} 16. Bg3 {[%clk 01:31:02]} {[%emt 00:00:04]} Bxg3 {[%clk 01:07:34]}
{[%emt 00:06:06]} 17. fxg3 {[%clk 01:31:24]} {[%emt 00:00:07]} Qxg3+ {[%clk
01:07:18]} {[%emt 00:00:47]} 18. Qg2 {[%clk 01:31:49]} {[%emt 00:00:05]} Qd6
{[%clk 01:06:29]} {[%emt 00:01:19]} 19. Rfe1 {[%clk 01:31:19]} {[%emt
00:01:00]} Ne6 {[%clk 00:57:06]} {[%emt 00:09:52]} 20. Qh3 {[%clk 01:27:37]}
{[%emt 00:04:12]} g6 {[%clk 00:56:10]} {[%emt 00:01:26]} 21. Bc4 {[%clk
01:26:47]} {[%emt 00:01:21]} Nf4 {[%clk 00:54:32]} {[%emt 00:02:08]} 22. Qg4
{[%clk 01:25:39]} {[%emt 00:01:39]} h5 {[%clk 00:45:38]} {[%emt 00:09:21]} 23.
Qh4 {[%clk 01:25:20]} {[%emt 00:00:50]} g5 {[%clk 00:43:51]} {[%emt 00:02:18]}
24. Qh2 {[%clk 01:24:58]} {[%emt 00:00:52]} Qd7 {[%clk 00:41:24]} {[%emt
00:02:56]} 25. Kf2 {[%clk 01:23:26]} {[%emt 00:02:03]} Qf5 {[%clk 00:37:53]}
{[%emt 00:04:00]} 26. Kf1 {[%clk 01:22:06]} {[%emt 00:01:51]} Nd3 {[%clk
00:29:42]} {[%emt 00:08:41]} 27. Rxe8+ {[%clk 01:21:53]} {[%emt 00:00:44]} Rxe8
{[%clk 00:30:05]} {[%emt 00:00:06]} 28. Qxh5 {[%clk 01:22:21]} {[%emt
00:00:02]} Re7 {[%clk 00:29:08]} {[%emt 00:01:27]} 29. b4 {[%clk 01:20:33]}
{[%emt 00:02:19]} b5 {[%clk 00:25:32]} {[%emt 00:04:05]} 30. Bb3 {[%clk
01:19:50]} {[%emt 00:01:13]} Nf4 {[%clk 00:22:33]} {[%emt 00:03:28]} 31. Qh1
{[%clk 01:18:50]} {[%emt 00:01:30]} Qd3+ {[%clk 00:21:33]} {[%emt 00:01:30]} 32.
Kg1 {[%clk 01:19:05]} {[%emt 00:00:15]} Re2 {[%clk 00:16:21]} {[%emt 00:05:43]}
33. Rd1 {[%clk 01:18:21]} {[%emt 00:01:14]} Qe3+ {[%clk 00:16:14]} {[%emt
00:00:37]} 34. Kf1 {[%clk 01:18:41]} {[%emt 00:00:10]} Qf2# {[%clk 00:16:08]}
{[%emt 00:00:04]} 0-1

[Event "74th South Island Chess Championship"]
[Site "Oamaru NZL"]
[Date "2023.09.27"]
[Round "1.12"]
[White "Christie, Richie"]
[Black "Moshakova, Elena"]
[Result "1-0"]
[WhiteElo "1927"]
[BlackElo "1546"]

1. d4 Nf6 2. Bf4 d5 3. Nc3 e6 4. e3 c5 5. Nb5 Na6 6. a4 Be7 7. c3 O-O 8. Bd3
cxd4 9. exd4 Bd7 10. Qf3 Bxb5 11. axb5 Nc7 12. Qh3 Rc8 13. Rxa7 Nxb5 14. Ra1
Nd6 15. Nf3 Qb6 16. Rb1 Nc4 17. O-O Ne4 18. Bxc4 dxc4 19. Rfe1 Nf6 20. Bg5 Nd5
21. Bxe7 Nxe7 22. Ne5 Rfd8 23. Qf3 f6 24. Ng4 Nd5 25. h4 Ra8 26. Qe2 Nf4 27.
Qxc4 Rdc8 28. Qf1 Ra2 29. g3 Nd5 30. Re2 h5 31. Ne3 Rca8 32. Nxd5 exd5 33. Qe1
Qb5 34. Re7 Rxb2 35. Rxb2 Qxb2 36. Re8+ Rxe8 37. Qxe8+ Kh7 38. Qxh5+ Kg8 39.
Qxd5+ Kh7 40. c4 Qb1+ 41. Kg2 b6 42. c5 bxc5 43. dxc5 Qb5 44. Qe4+ Kg8 45. c6
Kf8 46. Qe6 Qb8 47. Qd7 Qe8 48. Qxe8+ Kxe8 49. Kf3 Kd8 50. Ke4 1-0

[Event "74th South Island Chess Championship"]
[Site "Oamaru NZL"]
[Date "2023.09.27"]
[Round "1.13"]
[White "Keeling, Roy L"]
[Black "Coleman, Phil"]
[Result "0-1"]
[WhiteElo "1540"]
[BlackElo "1872"]

1. c4 Nf6 2. d3 c5 3. Nc3 g6 4. Nf3 Bg7 5. Rb1 d6 6. g3 Nc6 7. Bg2 Bf5 8. O-O
O-O 9. a3 Na5 10. b4 cxb4 11. axb4 Nc6 12. Bd2 Ng4 13. Qc1 Re8 14. h3 Nf6 15.
Nh4 Bc8 16. Nd5 e6 17. Nc3 a6 18. Nf3 Rb8 19. b5 Ne7 20. bxa6 Qa5 21. axb7 Bxb7
22. Nb5 Qd8 23. Bg5 Qc8 24. Bxf6 Bxf6 25. Qf4 Nf5 26. e4 e5 27. Qd2 Ng7 28. h4
Ba6 29. Ng5 Bxb5 30. cxb5 Rxb5 31. Bh3 Qb7 32. Bg2 Rxb1 33. Rxb1 Qxb1+ 34. Kh2
Rc8 35. Bh3 Rc1 36. Nf3 Rh1+ 37. Kg2 Qf1# 0-1

[Event "74th South Island Chess Championship"]
[Site "Oamaru NZL"]
[Date "2023.09.27"]
[Round "1.14"]
[White "Kerr, Atlas"]
[Black "Liu, Richard Jingjie"]
[Result "1-0"]
[WhiteElo "1853"]
[BlackElo "1528"]

1. b4 e5 2. Bb2 d6 3. e3 Nf6 4. d4 exd4 5. Bxd4 d5 6. b5 c5 7. Bb2 Be6 8. c4
Be7 9. Nd2 O-O 10. Ngf3 Nbd7 11. Be2 Nb6 12. Qc2 h6 13. O-O Qc7 14. a4 Nxc4 15.
Nxc4 dxc4 16. Rad1 Rad8 17. Bxc4 Bxc4 18. Qxc4 b6 19. h3 Rxd1 20. Rxd1 Rd8 21.
Rxd8+ Bxd8 22. Ne5 Ne8 23. Nc6 Bf6 24. Bxf6 Nxf6 25. f4 Qd7 26. e4 Nh7 27. e5
Nf8 28. Qe4 Ne6 29. f5 Ng5 30. Qf4 a6 31. h4 Nh7 32. Qe4 axb5 33. axb5 Nf8 34.
Kh2 Qe8 35. Kh3 Qd7 36. g4 Qd1 37. Ne7+ Kh8 38. Nd5 Qf1+ 39. Kg3 Qxb5 40. e6
fxe6 41. fxe6 Nxe6 42. Qxe6 Qd3+ 43. Ne3 Qd4 44. g5 hxg5 45. hxg5 Qd8 46. g6 b5
47. Qh3+ Kg8 48. Qh7+ Kf8 49. Qh8+ Ke7 50. Qxg7+ Ke6 51. Qf7+ Ke5 52. Qf4+ Ke6
53. Qf5+ Ke7 54. Qg5+ Ke8 55. Qxd8+ Kxd8 56. g7 c4 57. g8=Q+ Kd7 58. Nxc4 b4
59. Qd5+ Ke8 60. Qb7 b3 61. Nb2 Kf8 62. Kf4 Ke8 63. Ke5 Kd8 64. Kd6 Ke8 65.
Qe7# 1-0

[Event "74th South Island Chess Championship"]
[Site "Oamaru NZL"]
[Date "2023.09.27"]
[Round "1.15"]
[White "Patel, Akash"]
[Black "Ong, Rommel"]
[Result "0-1"]
[WhiteElo "1484"]
[BlackElo "1852"]

1. Nf3 Nf6 2. d4 g6 3. c4 Bg7 4. Nc3 d6 5. Bg5 h6 6. Bxf6 Bxf6 7. e4 O-O 8. Qd2
Bg7 9. Be2 c5 10. d5 a6 11. h4 Bg4 12. Nh2 Bxe2 13. Qxe2 Qa5 14. Qd2 b5 15.
cxb5 axb5 16. O-O Nd7 17. Ng4 Kh7 18. f4 Bd4+ 19. Kh1 h5 20. Ne3 Nf6 21. Qc1 b4
22. Ncd1 Nxe4 23. Rf3 b3 24. a3 Qe1+ 25. Kh2 Qxh4+ 26. Kg1 f5 27. Nc3 Rfc8 28.
Nxe4 fxe4 29. g3 Qg4 30. Rf2 Qxg3+ 31. Kf1 Bxe3 32. Qe1 Qxf2+ 33. Qxf2 Bxf2 34.
Kxf2 Ra4 35. Re1 Kg7 36. Kg3 Kf6 37. Re3 Kf5 38. Rc3 Rd4 0-1

[Event "74th South Island Chess Championship"]
[Site "Oamaru NZL"]
[Date "2023.09.27"]
[Round "1.16"]
[White "Wang, Justin Zhide"]
[Black "McLean, Gary"]
[Result "1-0"]
[WhiteElo "1849"]
[BlackElo "1449"]

1. e4 d6 2. d4 Nf6 3. Nc3 Nbd7 4. Nf3 e5 5. Bg5 c6 6. Qd2 Be7 7. O-O-O Qc7 8.
Bc4 b5 9. Bd3 a5 10. d5 Bb7 11. dxc6 Bxc6 12. Bxb5 O-O 13. Bxf6 Nxf6 14. Bxc6
Qxc6 15. Nd5 Nxd5 16. Qxd5 Qb6 17. Qb3 Qxf2 18. Rd2 Qa7 19. Rhd1 a4 20. Qd5 a3
21. b3 Qe3 22. Qd3 Qa7 23. c4 Qc5 24. Kc2 Rab8 25. Qc3 Rfd8 26. Rd5 Qb6 27. Qd2
h6 28. Rf1 Rdc8 29. Qd3 Rc5 30. Nd2 Rd8 31. Qf3 Bf6 32. Qg3 Be7 33. Qf2 Bf6 34.
h4 Qc7 35. g4 Qe7 36. Rh1 g6 37. Qe3 Bg7 38. Nf3 f6 39. Rhd1 Rxd5 40. Rxd5 Rc8
41. Qb6 Bf8 42. Qe3 Kg7 43. g5 Kh7 44. Rd1 fxg5 45. hxg5 h5 46. Nh4 Qb7 47. Qe2
Qf7 48. Rf1 Qe7 49. Rf6 Bg7 50. Rxg6 Qf8 51. Qxh5+ Kg8 52. Nf5 Rc7 53. Qh6 Rf7
54. Rxg7+ Rxg7 55. Qxg7+ Qxg7 56. Nxg7 Kxg7 57. b4 Kg6 58. b5 1-0

[Event "74th South Island Chess Championship"]
[Site "Oamaru NZL"]
[Date "2023.09.27"]
[Round "1.17"]
[White "Blair, Rowan"]
[Black "Ha, Timothy Huy Minh"]
[Result "0-1"]
[WhiteElo "1436"]
[BlackElo "1843"]

1. d4 d5 2. Bf4 c5 3. e3 Nc6 4. Bb5 Nf6 5. Nf3 cxd4 6. Nxd4 Bd7 7. Bd3 Qb6 8.
Be2 e5 9. Bxe5 Nxe5 10. b3 Be7 11. O-O O-O 12. Nf5 Bxf5 13. Qe1 d4 14. exd4
Qxd4 15. Nc3 Qh4 16. h3 Bxh3 17. gxh3 Qxh3 18. Qd1 Rad8 19. Qc1 Nfg4 20. Bxg4
Nxg4 21. Qf4 Bd6 22. Qg3 Bxg3 23. fxg3 Qh2# 0-1

[Event "74th South Island Chess Championship"]
[Site "Oamaru NZL"]
[Date "2023.09.27"]
[Round "1.18"]
[White "Williams, Matt"]
[Black "Gudoy, Paul"]
[Result "1-0"]
[WhiteElo "1828"]
[BlackElo "1382"]

1. d4 f5 2. Bg5 h6 3. Bh4 g5 4. e3 Nf6 5. Bg3 Bg7 6. Bd3 d5 7. Nd2 c5 8. c3 Nc6
9. Ngf3 c4 10. Bc2 O-O 11. Ne5 Nxe5 12. Bxe5 Ne4 13. Nf3 e6 14. Bxg7 Kxg7 15.
Ne5 Bd7 16. f3 Nd6 17. Qe2 Nf7 18. Nxf7 Rxf7 19. h4 Be8 20. O-O-O Rc8 21. hxg5
Qxg5 22. f4 Qg4 23. Qf2 Rf6 24. Rh4 Qg6 25. g4 Kf8 26. Rg1 Qh7 27. gxf5 exf5
28. Rhg4 Qd7 29. Rg8+ Ke7 30. R1g7+ Rf7 31. Qh4+ Kd6 32. Qxh6+ Qe6 33. Rg6 Qxg6
34. Qxg6+ Kd7 35. Rxe8 Rxe8 36. Qxf7+ Kd8 37. Bxf5 Rh8 38. Qd7# 1-0

[Event "74th South Island Chess Championship"]
[Site "Oamaru NZL"]
[Date "2023.09.27"]
[Round "1.19"]
[White "Frith, Hunter"]
[Black "Dolejs, Dan"]
[Result "0-1"]
[WhiteElo "1343"]
[BlackElo "1800"]

1. e4 d5 2. exd5 Nf6 3. Nc3 e6 4. dxe6 Bxe6 5. Nf3 Bb4 6. a3 Ba5 7. b4 Bb6 8.
Bd3 O-O 9. O-O c5 10. Be4 Nxe4 11. Nxe4 cxb4 12. axb4 Nc6 13. b5 Nd4 14. Rb1
Nxb5 15. Rxb5 Bc4 16. Rb4 Bxf1 17. Qxf1 Qe7 18. c3 Ba5 19. Rd4 Bb6 20. Rb4 Rac8
21. Qd3 Rc6 22. Rb5 Rd8 23. Re5 Qxe5 24. Nxe5 Rxd3 25. Nxd3 a5 26. Ne5 Re6 27.
d4 f6 28. Nd7 Rxe4 29. Nxb6 Re1# 0-1

[Event "74th South Island Chess Championship"]
[Site "Oamaru NZL"]
[Date "2023.09.27"]
[Round "1.20"]
[White "Summers, Paul G"]
[Black "Coleman, Samantha"]
[Result "1-0"]
[WhiteElo "1799"]
[BlackElo "1305"]

1. e4 c5 2. Nf3 Nc6 3. d4 cxd4 4. c3 e5 5. Bc4 Bc5 6. b4 Bb6 7. Qb3 Qf6 8. a4
dxc3 9. a5 Bd4 10. b5 Nce7 11. Nxc3 h6 12. Ba3 d6 13. Rd1 Bg4 14. Ke2 Rc8 15.
h3 Bxf3+ 16. gxf3 g5 17. Rd3 h5 18. Nd1 Ng6 19. Bc1 N8e7 20. Rg1 Nf4+ 21. Bxf4
Qxf4 22. Ne3 Bxe3 23. Rxe3 Ng6 24. Rd1 Nh4 25. Rxd6 Nxf3 26. Bxf7+ Qxf7 27.
Qxf7+ Kxf7 28. Rxf3+ Ke7 29. Rd5 Ke6 30. Rf5 Rc4 31. Rfxe5+ Kf6 32. Rf5+ Ke6
33. Rde5+ Kd6 34. Rxg5 Rd4 35. b6 axb6 36. axb6 Rb4 37. Rxh5 Rxh5 38. Rxh5
Rxe4+ 39. Kf3 Rb4 40. h4 Rxb6 41. Rh6+ Kc5 42. Rxb6 Kxb6 43. h5 Ka5 44. h6 b5
45. h7 Ka4 46. h8=Q b4 47. Qb2 Kb5 48. Qb3 Kc5 49. Ke4 Kb5 50. Kd4 Kc6 51. Qxb4
Kc7 52. Kd5 Kd7 53. Qd6+ Kc8 54. Qe7 1-0